| 000 | 00618nam a2200217 a 4500 | ||
|---|---|---|---|
| 008 | |||
| 049 | _aMAIN | ||
| 090 | _aQK891 | ||
| 100 | 1 | _aBeevers, Harry. | |
| 245 | 1 | 0 | _aRespiratory metabolism in plants/Harry Beevers. |
| 260 |
_aEvanston : _bRow, Peterson ; _c[1961] |
||
| 300 |
_a232 p. : _bill. ; _c21 cm. |
||
| 440 | 0 |
_aRow-Peterson biological monographs, _v2. |
|
| 650 | 0 |
_aPlants _xMetabolism. |
|
| 650 | 0 |
_aPlants _xRespiration. |
|
| 907 |
_a.b10004427 _b13-04-04 _c17-04-03 |
||
| 003 | |||
| 005 | 20230123133114.0 | ||
| 040 | _cNUST | ||
| 942 |
_cBOOKS _kQK891 |
||
| 999 |
_c142826 _d142826 |
||